00000000nam##2200000za#4500
0019.700204
003CaOODSP
00520210625000729
007cr |||||||||||
008150407|2003||||xxc|||||o    f|0| 0 eng|d
040 |aCaOODSP|beng
043 |an-cn---
0861 |aSC84-2/5555-1006E-MP3
1101 |aCanada.|bPublic Service Commission of Canada. |bLanguage Training Canada.
24510|aInterface Canada. Teacher's book 6 audio file |h[electronic resource]
2461 |iAdditional title (within publication) : |aInterface Canada tests. Book 6 audio file
260 |aOttawa - Ontario : |bPublic Service Commission. |c2003.
300 |aDuration: 00:40:55
500 |aTitle supplied by cataloguer. Comprised of sound files related to the print and PDF versions of: Interface Canada. Teacher's book 6 and Tests book 6. Contents: Unit 53, Presentation, Pt.1, All -- Unit 53, Presentation, Pt.1, Sec. 1 -- Unit 53, Presentation, Pt.1, Sec.2 -- Unit 53, Presentation, Pt.1, Sec.3 -- Unit 53, Presentation, Pt.1, Sec.4 -- Unit 53, Presentation, Pt.2 -- Unit 54, Practice 2 -- Unit 55, Presentation, Pt.2 -- Unit 55, Practice 2 -- Unit 56, Presentation, Pt.1 -- Unit 56, Presentation, Pt.2 -- Unit 56, Practice 4 -- Unit 57, Presentation, Pt.1 -- Unit 57, Presentation, Pt.3 -- Unit 57, Practice 2 -- Unit 58, Presentation -- Unit 59, Presentation, Pt.1 -- Unit 59, Presentation, Pt.2 -- Unit 59, Practice 2 -- Tests, Part 1, Intro. -- Tests, Exercise 1, Conversations -- Tests, Exercise 2, Instructions -- Tests, Exercise 2, Excerpts -- Tests, Exercise 3, Instructions -- Tests, Exercise 3, Dialogue.
5203 |aINTERFACE CANADA is a series for adults studying English as a second language. The series, which covers the beginning to upper-intermediate levels, provides a functional-notional syllabus as well as a structural syllabus. The material is designed primarily to develop speaking and listening skills, with a special emphasis on language used in the office. The INTERFACE CANADA series consists of student books 1 to 8, teacher books 1 to 8, Role Playing for Consolidation – student and teacher books, and accompanying cassettes. Each book provides approximately fifty hours of classroom instruction.
590 |a15-01-Supp|b2015-01-26
590 |a14-52-Supp|b2014-08-22
69007|aEducational resources|2gcpds
69007|aEnglish language|2gcpds
69007|aTeachers|2gcpds
85640|ahttp://publications.gc.ca|qMP3|s1.69 MB|uhttps://publications.gc.ca/collections/collection_2014/efpc-csps/SC84-2-5555-1006-t6-x3-1-eng.mp3
85640|ahttp://publications.gc.ca|qMP3|s2.29 MB|uhttps://publications.gc.ca/collections/collection_2014/efpc-csps/SC84-2-5555-1006-t6-x1-eng.mp3
85640|ahttp://publications.gc.ca|qMP3|s4.94 MB|uhttps://publications.gc.ca/collections/collection_2014/efpc-csps/SC84-2-5555-1006-t6-x3-2-eng.mp3
85640|ahttp://publications.gc.ca|qMP3|s3.47 MB|uhttps://publications.gc.ca/collections/collection_2014/efpc-csps/SC84-2-5555-1006-t6-eng.mp3
85640|ahttp://publications.gc.ca|qMP3|s4.79 MB|uhttps://publications.gc.ca/collections/collection_2014/efpc-csps/SC84-2-5555-1006-t6-x2-2-eng.mp3
85640|ahttp://publications.gc.ca|qMP3|s1.43 MB|uhttps://publications.gc.ca/collections/collection_2014/efpc-csps/SC84-2-5555-1006-t6-x2-1-eng.mp3
85640|ahttp://publications.gc.ca|qMP3|s2.31 MB|uhttps://publications.gc.ca/collections/collection_2014/efpc-csps/SC84-2-5555-1006-53-1-eng.mp3
85640|ahttp://publications.gc.ca|qMP3|s977 KB|uhttps://publications.gc.ca/collections/collection_2014/efpc-csps/SC84-2-5555-1006-53-1-2-eng.mp3
85640|ahttp://publications.gc.ca|qMP3|s1.25 MB|uhttps://publications.gc.ca/collections/collection_2014/efpc-csps/SC84-2-5555-1006-53-1-1-eng.mp3
85640|ahttp://publications.gc.ca|qMP3|s672 KB|uhttps://publications.gc.ca/collections/collection_2014/efpc-csps/SC84-2-5555-1006-53-1-3-eng.mp3
85640|ahttp://publications.gc.ca|qMP3|s2.23 MB|uhttps://publications.gc.ca/collections/collection_2014/efpc-csps/SC84-2-5555-1006-53-2-eng.mp3
85640|ahttp://publications.gc.ca|qMP3|s707 KB|uhttps://publications.gc.ca/collections/collection_2014/efpc-csps/SC84-2-5555-1006-53-1-4-eng.mp3
85640|ahttp://publications.gc.ca|qMP3|s2.17 MB|uhttps://publications.gc.ca/collections/collection_2014/efpc-csps/SC84-2-5555-1006-55-2-eng.mp3
85640|ahttp://publications.gc.ca|qMP3|s3.02 MB|uhttps://publications.gc.ca/collections/collection_2014/efpc-csps/SC84-2-5555-1006-56-1-eng.mp3
85640|ahttp://publications.gc.ca|qMP3|s2.06 MB|uhttps://publications.gc.ca/collections/collection_2014/efpc-csps/SC84-2-5555-1006-57-3-eng.mp3
85640|ahttp://publications.gc.ca|qMP3|s800 KB|uhttps://publications.gc.ca/collections/collection_2014/efpc-csps/SC84-2-5555-1006-57-1-eng.mp3
85640|ahttp://publications.gc.ca|qMP3|s4.90 MB|uhttps://publications.gc.ca/collections/collection_2014/efpc-csps/SC84-2-5555-1006-56-2-eng.mp3
85640|ahttp://publications.gc.ca|qMP3|s2.48 MB|uhttps://publications.gc.ca/collections/collection_2014/efpc-csps/SC84-2-5555-1006-58-eng.mp3
85640|ahttp://publications.gc.ca|qMP3|s3.65 MB|uhttps://publications.gc.ca/collections/collection_2014/efpc-csps/SC84-2-5555-1006-59-1-eng.mp3
85640|ahttp://publications.gc.ca|qMP3|s3.20 MB|uhttps://publications.gc.ca/collections/collection_2014/efpc-csps/SC84-2-5555-1006-59-2-eng.mp3
85640|ahttp://publications.gc.ca|qPDF|s4.29 MB|uhttps://publications.gc.ca/collections/collection_2014/efpc-csps/SC84-2-5555-1006-54-p2-eng.mp3
85640|ahttp://publications.gc.ca|qMP3|s2.22 MB|uhttps://publications.gc.ca/collections/collection_2014/efpc-csps/SC84-2-5555-1006-55-p2-eng.mp3
85640|ahttp://publications.gc.ca|qMP3|s12.3 MB|uhttps://publications.gc.ca/collections/collection_2014/efpc-csps/SC84-2-5555-1006-56-p4-eng.mp3
85640|ahttp://publications.gc.ca|qMP3|s3.73 MB|uhttps://publications.gc.ca/collections/collection_2014/efpc-csps/SC84-2-5555-1006-57-p2-eng.mp3
85640|ahttp://publications.gc.ca|qMP3|s3.69 MB|uhttps://publications.gc.ca/collections/collection_2014/efpc-csps/SC84-2-5555-1006-59-p2-eng.mp3